Countries with the Lowest Life Expectancy - Statistics

General Stats
  • This quiz has been taken 64 times
  • The average score is 6 of 10
Answer Stats
Years Country % Correct
52.52 Chad
77%
55.28 Somalia
75%
53.90 Central African Republic
72%
58.94 Mali
72%
54.98 South Sudan
72%
52.68 Nigeria
65%
58.89 Guinea
53%
53.06 Lesotho
37%
57.07 Eswatini
35%
58.60 Ivory Coast
26%
No matching quizzes found
Score Distribution
Percent of People with Each Score
Percentile by Number Answered
Your Score History
You have not taken this quiz